000 01283nam0a22003499 4500
001 RU\NLR\b_ik\75489
005 20250616224513.0
035 _a(NLR Aleph) 002149755
090 _a2380474
_c2380474
100 _a19950127d2000 |||y0rusy50 ca
101 0 _arus
102 _aRU
105 _ay |||||||||
200 1 _aDevelopment of ITER shelding blanket prototype mockup by HIP bonding
_fSatoshi Sato, Kazuyuki Furuya, Toshihisa Hatano et al
210 _aTokai (Ibaraki)
_cJapan atomic energy research inst.
_d2000
215 _aVI, 121 c.
_cил.
_d30
225 1 _aJAERI - Tech
_v2000-042
300 _aРез. на яп. яз
320 _aБиблиогр.: с. 57-58
606 0 _aТермоядерные реакторы ITER
_xБланкеты защитные
_92089442
_3RU\NLR\AUTH\661264802
606 1 _aITER, термоядерные реакторы
_xБланкеты защитные
_92270611
_3RU\NLR\AUTH\661360946
686 0 _aЗ496-04
_2rubbk
701 1 _aSato
_bSatoshi
_4070
701 1 _aFuruya
_bKazuyuki
_4070
701 1 _aHatano Toshihisa
_4070
801 0 _aRU
_bNLR
_c19950127
_gPSBO
801 1 _aRU
_bNLR
_c20011029
852 _aNLR
_jP11/2365
942 _cBOOK
980 _aNB